• 首页
  • 本馆介绍
  • 公告通知
  • 最新文献
  • 馆藏检索
  • 电子资源
  • 读者导购
  • 参考咨询
  • 我的图书馆
  • 登录
  • 详细信息显示
  • 放入我的书架
  • 预约/预借图书
  • 作者相关作品
  • 分类相关作品
  • 丛书相关作品
  • 出版社相关作品

书目信息

  • 表格格式
  • 工作单格式
  • 卡片格式
题名:
中国知识产权指导案例评注
    
 
作者: 奚晓明 主编
分册: 第四辑  
出版信息: 北京   中国法制出版社  2013
页数: 505页
开本: 25cm
丛书名:
单 册:
中图分类: D923.405
科图分类:
主题词: 知识产权法--案例--中国 , 知识产权法 , 案例
电子资源:
ISBN: 978-7-5093-4396-8
000 00945nam0 2200253 450
001 523
005 20140908085022.53
010    @a978-7-5093-4396-8@dCNY98.00
100    @a20130814d2013 em y0chiy50 ea
101 0  @achi
102    @aCN@b110000
105    @aa z 000yy
106    @ar
200 1  @a中国知识产权指导案例评注@AZhong Guo Zhi Shi Chan Quan Zhi Dao An Li Ping Zhu@h第四辑@HDi Si Ji@f奚晓明主编@FXi Xiao Ming Zhu Bian
210    @a北京@c中国法制出版社@d2013
215    @a505页@c图@d25cm
330    @a本书涵括了2011年中国知识产权司法保护案件和典型案例,以及解读评析。其内容涵盖专利侵权、著作权侵权、商标权侵权、植物新品种、不正当竞争、知识产权刑事等,几乎涉及知识产权领域的所有典型疑难问题。
606 0  @a知识产权法@x案例@y中国
606 0  @a知识产权法
606 0  @a案例
690    @aD923.405@v5
701  0 @a奚晓明@AXi Xiao Ming@f(1954~)@4主编
801  0 @aCN@bTANGWEI@c20140603
905    @b0840920-22@dD923.405@e1195:4@f3
    
    中国知识产权指导案例评注.第四辑/奚晓明主编.-北京:中国法制出版社,2013
    505页:图;25cm
    
    
    ISBN 978-7-5093-4396-8:CNY98.00
    本书涵括了2011年中国知识产权司法保护案件和典型案例,以及解读评析。其内容涵盖专利侵权、著作权侵权、商标权侵权、植物新品种、不正当竞争、知识产权刑事等,几乎涉及知识产权领域的所有典型疑难问题。
●
相关链接 在E读中查询图书 在五车中查询图书 在当当中查询图书 在豆瓣中查询图书


正题名:中国知识产权指导案例评注     索取号:D923.405/1195:4         预约/预借

序号 登录号 条形码 馆藏地/架位号 状态 备注
1 0840920   208409202   第一样本阅览室/ [索取号:D923.405/1195:4] 在馆    
2 0840921   208409211   密集书库-史法系/ [索取号:D923.405/1195:4] 在馆    
3 0840922   208409220   第一借阅区/ [索取号:D923.405/1195:4] 在馆    
唐山师范学院图书馆 欢迎您!
大连网信软件有限公司© 版权所有